000
00294nam a2200097Ia 4500
008
160725s9999 xx 000 0 und d
100
_a
Gareza, April Apple G.
245
_a
Rethinking the nursing curriculum.
260
_b
Kaizen Research Journal College of Nursing
_c
June 2013
650
_a
NURSING
999
_c
298028
_d
298028